000 00848nam a2200253Ia 4500
003 OSt
005 20220930063734.0
006 a|||||r|||| 00| 0
007 ta
008 220926b |||||||| |||| 00| 0 eng d
024 _a3240
037 _cTheses
040 _aCRL
_cCRL
_beng
041 _2eng
_aeng
100 _aChoudhary Sandeep
_9523434
110 _aUniversity of Delhi. Faculty of Medical Sciences. Department of Psychiatry
245 0 _aStudy of socio demographic variables phenomenology and role of stressful life events in hysterical neurosis
260 _c1989
650 _aPSYCHIATRY
700 _a Dr S C Malik Supervisor
_9523435
700 _aUniversity of Delhi. Faculty of Medical Sciences. Department of Psychiatry
942 _cDIS
_2CC
999 _c857242
_d857242